| 000 | 00775nam a22002057a 4500 | ||
|---|---|---|---|
| 999 |
_c62840 _d62840 |
||
| 003 | Ge_BSU | ||
| 005 | 20250306172557.0 | ||
| 008 | 250306b xxu||||| |||| 00| 0 geo d | ||
| 041 | _ageo | ||
| 080 | _a616.441-006.5-089 ა-99 | ||
| 100 |
_aახმეტელი, თ. _923428 |
||
| 245 |
_aჩიყვის ქირურგიული მკურნალობა / _cთ. ახმეტელი. |
||
| 264 |
_aთბ. : _bსაბჭ. საქართველო, _c1982. |
||
| 300 |
_a234 გვ. ; _b20 სმ. |
||
| 653 | _aჩიყვი | ||
| 653 | _aენდოკრინოლოგია | ||
| 653 | _aმედიცინა | ||
| 700 |
_aკაკოიშვილი, გ. _eავტორი _923429 |
||
| 942 |
_2udc _cᲬᲘᲒᲜᲘ |
||